00323 a2200133 450000100060000002000180000604000220002410000350004624000260008124500210010730000080012836200090013665000440014563838 a9788577430796 cAnchieta - Pituba aRoss, Jurandyr Luciano Sanches10aAmérica Latinalpor10aAmérica Latina a2880 a2008 4aGeografia e Viagens na América do Sul